[Event "Norway Chess Open GM 2024"]
[Site "Stavanger NOR"]
[Date "2024.05.29"]
[Round "8.27"]
[White "Damiano, Sophie"]
[Black "Flatebo, Hallvard Haug"]
[Result "0-1"]
[WhiteElo "1723"]
[BlackElo "1951"]
[WhiteFideId "1566334"]
[BlackFideId "1530720"]
[EventDate "2024.05.24"]

1. e4 c5 2. Nf3 a6 3. d4 cxd4 4. Nxd4 Nf6 5. Nc3 e5 6. Nb3 Bb4 7. Bd3 d5 8. exd5
e4 9. Be2 Qxd5 10. Bd2 Qe5 11. O-O O-O 12. Re1 Nc6 13. Bd3 Ng4 14. Bxe4 Qxh2+
15. Kf1 Be6 16. Qf3 Nce5 17. Qh3 Bxc3 18. Bxc3 Bc4+ 19. Bd3 Nxd3 20. cxd3 Qxh3
21. gxh3 Bxd3+ 22. Kg1 Nh6 23. Nc5 Bf5 24. Kh2 b6 25. Nb3 Rfd8 26. Nd4 Rac8 27.
Re7 Bd7 28. Rae1 a5 29. a3 Kf8 30. R7e3 Ng8 31. Rf3 Re8 32. Rg1 g6 33. h4 Re4
34. h5 Rh4+ 35. Kg2 Rxh5 36. Kf1 Re8 37. Rgg3 Re4 38. Re3 Rhe5 39. Nf3 Rxe3 40.
Nxe5 Rxg3 41. Nxd7+ Ke7 42. fxg3 Kxd7 43. Ke2 Ne7 44. Kf3 f5 45. Bd2 Nd5 46. Bg5
Kc6 47. Ke2 Kc5 48. Kd3 a4 49. Bh6 Nf6 50. Bg5 Ne4 51. Bf4 Kd5 52. Bc7 b5 53.
Ke3 g5 54. Ba5 Nxg3 0-1

[Event "Norway Chess Open GM 2024"]
[Site "Stavanger NOR"]
[Date "2024.05.29"]
[Round "8.28"]
[White "Mesar, Antun"]
[Black "Lien, Sebastian"]
[Result "1/2-1/2"]
[WhiteElo "1890"]
[BlackElo "1861"]
[WhiteFideId "14532620"]
[BlackFideId "1567888"]
[EventDate "2024.05.24"]

1. e4 d5 2. exd5 Qxd5 3. Nc3 Qd8 4. d4 Nf6 5. Bc4 g6 6. h3 Bg7 7. Nf3 O-O 8. O-O
Nc6 9. Bf4 a6 10. d5 Na5 11. Be2 c5 12. dxc6 Nxc6 13. Qxd8 Rxd8 14. a3 Bf5 15.
Rac1 h5 16. Bc4 Nd4 17. Ne5 e6 18. Bd3 Bxd3 19. Nxd3 Nd5 20. Rfe1 Nxc3 21. bxc3
Nxc2 22. Rxc2 Rxd3 23. Rb1 b5 24. a4 bxa4 25. c4 a3 26. c5 Rc3 27. Ra2 Bd4 28.
Bd6 Rc8 29. Rb6 a5 30. Rb5 Bxc5 31. Bxc5 R8xc5 32. Rxc5 Rxc5 33. Rxa3 g5 34. Kf1
Kf8 35. Ke2 Ke7 36. Kd3 Kd6 37. Kd4 Rc2 38. Rxa5 f5 39. Ra6+ Ke7 40. Ke3 f4+ 41.
Kf3 Kf6 42. Ra3 Kf5 43. g4+ fxg3 44. Kxg3 e5 45. Ra4 Rc3+ 46. Kg2 Rd3 47. Ra8
Rd6 48. Ra4 Rg6 49. Ra8 h4 50. Rh8 Rf6 51. Rg8 Kf4 52. Rg7 Rf5 53. Rg8 Rf7 54.
Rg6 Rf8 55. Rg7 Kf5 56. Rh7 Kg6 57. Re7 Kf6 58. Ra7 Rg8 59. Ra6+ Kf5 60. Rh6 e4
61. Rh7 Rg6 62. Rh8 Rf6 63. Rg8 Kf4 64. Rg7 Rf5 65. Rg8 Ke5 66. Ra8 Kf4 67. Rg8
Rd5 68. Re8 Rd6 69. Rf8+ Ke5 70. Ra8 Rd5 71. Ra7 Rd2 72. Re7+ Kf5 73. Re8 Rd6
74. Rf8+ Rf6 75. Re8 Rf7 76. Rg8 Kf4 77. Rg6 Kf5 78. Rg8 Kf6 79. Ra8 Re7 80.
Rf8+ Kg7 81. Ra8 Re6 82. Ra7+ Kg6 83. Ra8 Kf7 84. Ra5 Kf6 85. Ra8 Ke5 86. Ra5+
Kf4 87. Ra8 Rg6 88. Rf8+ Ke5 89. Re8+ Kf5 90. Rf8+ Rf6 91. Ra8 g4 92. Rh8 g3 93.
fxg3 hxg3 94. Kxg3 Ke5 95. Ra8 e3 96. Ra5+ Kd4 97. Ra4+ Kd5 98. Ra5+ Kc4 99.
Ra4+ Kd3 100. Ra3+ Ke4 101. Ra4+ Ke5 1/2-1/2

[Event "Norway Chess Open GM 2024"]
[Site "Stavanger NOR"]
[Date "2024.05.29"]
[Round "8.29"]
[White "Simonsen, David Mindestrommen"]
[Black "Hetland, Even"]
[Result "1-0"]
[WhiteElo "1942"]
[BlackElo "1903"]
[WhiteFideId "1565672"]
[BlackFideId "1555995"]
[EventDate "2024.05.24"]

1. e4 e6 2. d4 d5 3. e5 c5 4. c3 Nc6 5. Nf3 Bd7 6. Be2 Nge7 7. Na3 cxd4 8. cxd4
Nf5 9. Nc2 Be7 10. O-O Qb6 11. Bd3 a5 12. Rb1 O-O 13. g4 Nh6 14. Bxh6 gxh6 15.
h4 Kh8 16. Qd2 f5 17. gxf5 exf5 18. Qxh6 Rg8+ 19. Kh2 Rg6 20. Qh5 Na7 21. Rg1
Rag8 22. Bxf5 Bxf5 23. Qxf5 Rf8 24. Rxg6 hxg6 25. Qg4 Qc6 26. Ne3 Nb5 27. Rg1
Rg8 28. e6 Bf6 29. Qf4 Bg7 30. Rxg6 1-0

[Event "Norway Chess Open GM 2024"]
[Site "Stavanger NOR"]
[Date "2024.05.29"]
[Round "8.30"]
[White "Elsness, Fredrik Valstad"]
[Black "Mesar, Darko"]
[Result "1-0"]
[WhiteElo "1861"]
[BlackElo "1894"]
[WhiteFideId "1567829"]
[BlackFideId "14531038"]
[EventDate "2024.05.24"]

1. e4 c5 2. Nf3 d6 3. d4 cxd4 4. Nxd4 Nf6 5. Nc3 g6 6. Be3 Bg7 7. f3 O-O 8. Qd2
Nc6 9. O-O-O Qa5 10. Nb3 Qc7 11. g4 Ne5 12. Nd4 a6 13. Be2 b5 14. Kb1 Be6 15. h4
Bc4 16. h5 Bxe2 17. Qxe2 Rfc8 18. hxg6 hxg6 19. Bh6 Bxh6 20. Rxh6 Kg7 21. g5 Nh5
22. Nf5+ gxf5 23. Qh2 fxe4 24. Qxh5 Rh8 25. Rh1 Ng6 26. Nd5 Qd8 27. f4 e6 28.
Nf6 d5 29. Rh7+ Rxh7 30. Nxh7 f5 31. gxf6+ Kf7 32. f5 exf5 33. Qxf5 Nf8 34. Ng5+
Kg8 35. f7+ Kg7 36. Nxe4 dxe4 37. Rg1+ 1-0

[Event "Norway Chess Open GM 2024"]
[Site "Stavanger NOR"]
[Date "2024.05.29"]
[Round "8.31"]
[White "Louis, Luca Hojin"]
[Black "Rynkjob, Bastian"]
[Result "1/2-1/2"]
[WhiteElo "1758"]
[BlackElo "1797"]
[WhiteFideId "343405541"]
[BlackFideId "1473557"]
[EventDate "2024.05.24"]

1. d4 Nf6 2. c4 e6 3. Nc3 Bb4 4. Qc2 O-O 5. a3 Bxc3+ 6. Qxc3 b6 7. Nf3 Bb7 8. g3
d6 9. Bg5 Nbd7 10. Bg2 h6 11. Bxf6 Nxf6 12. O-O Nd7 13. Rad1 f5 14. Nd2 Bxg2 15.
Kxg2 Qf6 16. h4 a5 17. a4 e5 18. dxe5 Qxe5 19. Rc1 Qxc3 20. Rxc3 Nc5 21. b3 f4
22. f3 fxg3 23. Kxg3 Rae8 24. Re1 Re7 25. e4 Ne6 26. Rd3 Nf4 27. Rde3 Re6 28.
Kh2 Rg6 29. Rg1 Rxg1 30. Kxg1 Ng6 31. h5 Nf4 32. Nb1 Nxh5 33. Nc3 Nf6 34. Nb5
Rf7 35. Kg2 Ne8 36. Nd4 g6 37. Kg3 c5 38. Nb5 g5 39. Nc3 Nc7 40. Nd5 1/2-1/2

[Event "Norway Chess Open GM 2024"]
[Site "Stavanger NOR"]
[Date "2024.05.30"]
[Round "9.1"]
[White "Seo, Jung Min"]
[Black "Amar, Elham"]
[Result "1/2-1/2"]
[WhiteTitle "IM"]
[BlackTitle "GM"]
[WhiteElo "2451"]
[BlackElo "2552"]
[WhiteFideId "1734687"]
[BlackFideId "1533533"]
[EventDate "2024.05.24"]

1. e4 c6 2. d4 d5 3. e5 Bf5 4. c4 e6 5. Nc3 Ne7 6. Nf3 h6 7. a3 Nd7 8. Be2 dxc4
9. Bxc4 Nd5 10. O-O Be7 11. Qe2 O-O 12. Ne4 Qb6 13. Rd1 Rfd8 14. h3 Bg6 15. Bd3
Nf8 16. Bd2 c5 17. dxc5 Bxc5 18. b4 Be7 19. b5 Rd7 20. a4 Rc8 21. a5 Qd8 22. a6
bxa6 23. bxa6 Bxe4 24. Bxe4 Nc3 25. Bxc3 Rxc3 26. Rxd7 Qxd7 27. g3 Bc5 28. Kg2
Bb6 29. h4 Qc7 30. Rd1 Ra3 31. Rd2 g6 32. h5 gxh5 33. Nh4 Ra5 34. f4 Qc1 35. Rd1
Ra2 36. Qxa2 Qxd1 37. Bf3 Qg1+ 38. Kh3 Bd8 39. Qg2 Qa1 40. Qe2 Bxh4 41. Kxh4
Ng6+ 42. Kxh5 Qg1 43. Qg2 Qe3 44. Kxh6 Qa3 45. Be4 Qf8+ 46. Kh5 Kg7 47. Qc2 Qh8+
48. Kg4 Ne7 49. Qc7 Nf5 50. Qxa7 Kg6 51. Bxf5+ exf5+ 52. Kf3 Qh1+ 53. Ke2 Qg2+
54. Kd3 Qd5+ 55. Qd4 Qb3+ 56. Qc3 Qd1+ 57. Qd2 Qf3+ 58. Kc4 Qc6+ 59. Kb3 Qe6+
60. Kc3 Qc6+ 61. Kd4 Qb6+ 62. Kc3 Qc6+ 63. Kb2 Qxa6 64. Qc3 Qb5+ 65. Kc1 Qf1+
66. Kc2 Qe2+ 67. Kb3 Qb5+ 1/2-1/2

[Event "Norway Chess Open GM 2024"]
[Site "Stavanger NOR"]
[Date "2024.05.30"]
[Round "9.2"]
[White "Balakrishnan, Praveen"]
[Black "Bazakutsa, Svyatoslav"]
[Result "0-1"]
[WhiteTitle "GM"]
[BlackTitle "IM"]
[WhiteElo "2510"]
[BlackElo "2472"]
[WhiteFideId "2064871"]
[BlackFideId "14198525"]
[EventDate "2024.05.24"]

1. e4 c6 2. d4 d5 3. e5 c5 4. Nf3 Nc6 5. dxc5 Bg4 6. c3 e6 7. Be3 a6 8. Bd4 Bxf3
9. Qxf3 b6 10. Qe3 Nh6 11. Bd3 bxc5 12. Bxc5 Ng4 13. Qg3 Bxc5 14. Qxg4 Nxe5 15.
Qxg7 Nxd3+ 16. Kd2 Nxf2 17. Qxh8+ Bf8 18. Rf1 Qg5+ 19. Ke2 Ne4 20. Qd4 Qxg2+ 21.
Ke1 Be7 22. Qh8+ Kd7 23. Qxa8 Bh4+ 24. Kd1 Qxf1+ 25. Kc2 Qe2+ 26. Kb3 Nc5+ 27.
Ka3 Qb5 28. Qa7+ Ke8 29. Qa8+ Ke7 30. b3 Bg5 31. Qa7+ Kf6 32. Nd2 Bxd2 33. Qc7
Ne4 34. Rg1 Bxc3 35. Qf4+ Ke7 36. Qc7+ Qd7 37. Qxd7+ Kxd7 38. b4 d4 39. Kb3 d3 0-1

[Event "Norway Chess Open GM 2024"]
[Site "Stavanger NOR"]
[Date "2024.05.30"]
[Round "9.3"]
[White "Druska, Juraj"]
[Black "Mitrabha, Guha"]
[Result "1-0"]
[WhiteTitle "IM"]
[BlackTitle "GM"]
[WhiteElo "2466"]
[BlackElo "2540"]
[WhiteFideId "14915650"]
[BlackFideId "5057000"]
[EventDate "2024.05.24"]

1. e4 e6 2. d4 d5 3. Nc3 Bb4 4. Ne2 dxe4 5. a3 Bxc3+ 6. Nxc3 Nc6 7. Bb5 Ne7 8.
Be3 O-O 9. Qd2 f5 10. O-O-O Ng6 11. Bg5 Qd6 12. h4 Nge7 13. f3 Nd5 14. fxe4 Nxc3
15. Qxc3 fxe4 16. d5 exd5 17. Rxd5 Qg6 18. h5 Qf7 19. h6 Be6 20. Bc4 Rfe8 21.
Rf5 Qg6 22. Be3 gxh6 23. Bxh6 Bxc4 24. Qxc4+ Qe6 25. Rf8+ 1-0

[Event "Norway Chess Open GM 2024"]
[Site "Stavanger NOR"]
[Date "2024.05.30"]
[Round "9.4"]
[White "Urkedal, Frode Olav Olsen"]
[Black "Tomaszewski, Kacper"]
[Result "1-0"]
[WhiteTitle "GM"]
[BlackTitle "FM"]
[WhiteElo "2560"]
[BlackElo "2300"]
[WhiteFideId "1506102"]
[BlackFideId "1127373"]
[EventDate "2024.05.24"]

1. d4 Nf6 2. c4 e6 3. Nc3 d5 4. cxd5 exd5 5. Bg5 c6 6. e3 h6 7. Bh4 Bd6 8. Bd3
O-O 9. Nge2 Re8 10. h3 b5 11. Rc1 Bd7 12. O-O a5 13. e4 b4 14. e5 g5 15. Bg3
bxc3 16. exd6 cxb2 17. Rb1 Ne4 18. Be5 Bf5 19. Qc2 Qd7 20. Ng3 Bg6 21. Rxb2 c5
22. Bb5 Nc6 23. Nxe4 Bxe4 24. Qxc5 Rec8 25. Rc1 Nxe5 26. Bxd7 Rxc5 27. dxc5 Nxd7
28. c6 Nf6 29. d7 Kg7 30. c7 Nxd7 31. c8=Q Rxc8 32. Rxc8 Ne5 33. Rb5 Nc4 34. Rd8 1-0

[Event "Norway Chess Open GM 2024"]
[Site "Stavanger NOR"]
[Date "2024.05.30"]
[Round "9.5"]
[White "Savitha, Shri B"]
[Black "Papp, Gabor1"]
[Result "1/2-1/2"]
[WhiteTitle "WGM"]
[BlackTitle "GM"]
[WhiteElo "2363"]
[BlackElo "2553"]
[WhiteFideId "35061887"]
[BlackFideId "718602"]
[EventDate "2024.05.24"]

1. e4 c6 2. d4 d5 3. Nc3 dxe4 4. Nxe4 Nf6 5. Nxf6+ exf6 6. c3 Bd6 7. Bd3 O-O 8.
Qc2 Re8+ 9. Ne2 h5 10. Be3 Nd7 11. O-O-O b5 12. d5 c5 13. Bxb5 Rb8 14. a4 a6 15.
Bc6 Rxe3 16. fxe3 Ne5 17. b3 Qb6 18. Kd2 g6 19. Rhf1 Kg7 20. h3 Qxb3 21. Qxb3
Rxb3 22. Rb1 Nc4+ 23. Kd3 Bf5+ 24. e4 Ne5+ 25. Ke3 Nc4+ 26. Kd3 Ne5+ 27. Ke3
Nc4+ 28. Kf2 Rxb1 29. Rxb1 Bxe4 30. Rb7 f5 31. Ra7 a5 32. Bb5 Bxd5 33. Bxc4 Bxc4
34. Rxa5 Kf6 35. Ra8 Ke6 36. a5 Bd5 37. Rg8 1/2-1/2

[Event "Norway Chess Open GM 2024"]
[Site "Stavanger NOR"]
[Date "2024.05.30"]
[Round "9.6"]
[White "Kvaloy, Aksel Bu"]
[Black "Zylka, Stanislaw"]
[Result "1/2-1/2"]
[WhiteTitle "IM"]
[BlackTitle "IM"]
[WhiteElo "2454"]
[BlackElo "2396"]
[WhiteFideId "1528815"]
[BlackFideId "1189654"]
[EventDate "2024.05.24"]

1. e4 e5 2. Nf3 Nf6 3. d4 Nxe4 4. Bd3 d5 5. Nxe5 Nd7 6. Nxd7 Bxd7 7. O-O Bd6 8.
Nc3 Nxc3 9. bxc3 O-O 10. Qh5 f5 11. Bg5 Qe8 12. Qf3 f4 13. Qxd5+ Kh8 14. Bh4 Bc6
15. Qg5 h6 16. Qg6 Qxg6 17. Bxg6 Be8 18. Bxe8 Rfxe8 19. f3 Re2 20. c4 Rxc2 1/2-1/2

[Event "Norway Chess Open GM 2024"]
[Site "Stavanger NOR"]
[Date "2024.05.30"]
[Round "9.7"]
[White "Johansson, Linus"]
[Black "Skytte, Rasmus"]
[Result "1/2-1/2"]
[WhiteTitle "IM"]
[BlackTitle "IM"]
[WhiteElo "2448"]
[BlackElo "2358"]
[WhiteFideId "1711113"]
[BlackFideId "1404210"]
[EventDate "2024.05.24"]

1. d4 d5 2. c4 e6 3. Nc3 Nf6 4. Nf3 c5 5. e3 a6 6. a3 dxc4 7. Bxc4 b5 8. Bd3 Bb7
9. O-O Nbd7 10. Qe2 Be7 11. Rd1 cxd4 12. exd4 O-O 13. Ne5 Nb6 14. Qe3 Nbd5 15.
Qh3 Nxc3 16. bxc3 Be4 17. Bf1 Nd7 18. Bf4 Nxe5 19. Bxe5 Bd6 20. Qe3 Bd5 21. Re1
Rc8 22. a4 Bxe5 23. dxe5 Qc7 24. axb5 axb5 25. Bxb5 1/2-1/2

[Event "Norway Chess Open GM 2024"]
[Site "Stavanger NOR"]
[Date "2024.05.30"]
[Round "9.8"]
[White "Elsness, Frode"]
[Black "Papp, Sarah"]
[Result "1/2-1/2"]
[WhiteTitle "IM"]
[BlackTitle "IM"]
[WhiteElo "2425"]
[BlackElo "2296"]
[WhiteFideId "1501100"]
[BlackFideId "24606812"]
[EventDate "2024.05.24"]

1. d4 Nf6 2. c4 e6 3. Nf3 d5 4. Nc3 Nbd7 5. Bg5 h6 6. Bh4 Be7 7. e3 O-O 8. Qc2
b6 9. cxd5 exd5 10. Bd3 Bb7 11. O-O c5 12. dxc5 bxc5 13. Rfd1 Qb6 14. Rac1 Qb4
15. a3 Qa5 16. Bf5 Nb6 17. e4 dxe4 18. Nxe4 Bxe4 19. Bxe4 Rad8 20. Ne5 Rxd1+ 21.
Rxd1 Qa4 22. Nc6 Qxe4 23. Qxe4 Nxe4 24. Bxe7 Re8 25. f3 Nc8 26. fxe4 Nxe7 27.
Nxa7 Rb8 28. Rd7 Ng6 29. b4 cxb4 30. Nc6 Re8 31. axb4 Rxe4 32. Kf2 Ne5 33. Re7
Nd3+ 34. Kf3 Rxe7 35. Nxe7+ Kf8 36. Nd5 Ke8 37. Ke4 Ne1 38. Ne3 Kd7 39. Kd4 Kc6
40. Kc4 g6 41. h4 f5 42. b5+ Kb7 43. g3 Nf3 44. h5 gxh5 45. Nxf5 Kb6 46. Kb4 Ne5
47. Nd6 Nd3+ 48. Kc3 Ne1 49. Kc4 Nf3 50. Kb4 h4 51. Nc4+ Kb7 52. Na5+ Kb6 53.
Nc4+ Kb7 54. gxh4 Nxh4 55. Ka5 Nf5 56. b6 h5 57. Kb5 h4 58. Na5+ Kb8 59. Nc6+
Kb7 60. Na5+ Kb8 61. Nc6+ Kb7 62. Na5+ 1/2-1/2

[Event "Norway Chess Open GM 2024"]
[Site "Stavanger NOR"]
[Date "2024.05.30"]
[Round "9.9"]
[White "Frederic, Clement"]
[Black "Miezis, Normunds"]
[Result "1-0"]
[BlackTitle "GM"]
[WhiteElo "2251"]
[BlackElo "2424"]
[WhiteFideId "637319"]
[BlackFideId "11600136"]
[EventDate "2024.05.24"]

1. e4 c5 2. Nf3 e6 3. d4 cxd4 4. Nxd4 a6 5. c4 Nf6 6. Nc3 Qc7 7. a3 b6 8. f4 Bb7
9. Bd3 d6 10. Qe2 Nbd7 11. O-O Be7 12. b4 b5 13. cxb5 Qxc3 14. Be3 e5 15. Rfc1
Qxd3 16. Qxd3 Bxe4 17. Qe2 exd4 18. Bxd4 axb5 19. g4 h6 20. g5 hxg5 21. fxg5 d5
22. gxf6 gxf6 23. Qxb5 Bd6 24. Ra2 Ke7 25. Re1 Bxh2+ 26. Kf1 Be5 27. Bc5+ Nxc5
28. Qxc5+ Bd6 29. Rxe4+ dxe4 30. Qd5 Rac8 31. Qxe4+ Be5 32. Re2 Kf8 33. b5 Rh3
34. a4 Rc1+ 35. Re1 Rcc3 36. b6 Rb3 37. a5 Rhf3+ 38. Ke2 Rf4 39. Qa8+ Ke7 40.
Qb7+ Ke6 41. Qc6+ Ke7 42. Rd1 Rb2+ 43. Rd2 Rxd2+ 44. Kxd2 Rd4+ 45. Ke2 f5 46. a6
Re4+ 47. Qxe4 fxe4 48. a7 1-0

[Event "Norway Chess Open GM 2024"]
[Site "Stavanger NOR"]
[Date "2024.05.30"]
[Round "9.11"]
[White "Blomqvist, Erik"]
[Black "Ostensen, Nicolai Maxime"]
[Result "1-0"]
[WhiteTitle "GM"]
[BlackTitle "FM"]
[WhiteElo "2527"]
[BlackElo "2234"]
[WhiteFideId "1709437"]
[BlackFideId "1546970"]
[EventDate "2024.05.24"]

1. Nf3 c5 2. g3 Nc6 3. c4 g6 4. Bg2 Bg7 5. Nc3 d6 6. O-O e6 7. e3 Nge7 8. d4 O-O
9. Re1 cxd4 10. exd4 d5 11. cxd5 Nxd5 12. h4 h6 13. Nxd5 exd5 14. Ne5 Re8 15.
Bf4 Be6 16. Qd2 Kh7 17. Nxc6 bxc6 18. Be5 Bf5 19. Bxg7 Kxg7 20. Rxe8 Qxe8 21.
Re1 Qd7 22. Qe3 Qd6 23. Bf3 Rb8 24. b3 Bd7 25. Qc3 Qb4 26. Qxb4 Rxb4 27. Re7 Be6
28. Kf1 Rxd4 29. Ke2 Rb4 30. Rxa7 c5 31. Kd2 Kf6 32. Ra5 c4 33. Kc3 cxb3 34.
axb3 Rb8 35. Bxd5 Bxd5 36. Rxd5 Rc8+ 37. Kd3 Ke6 38. Rd4 Rc1 39. b4 Rf1 40. Re4+
Kd5 41. Rf4 Ke6 42. Kc4 g5 43. hxg5 hxg5 44. Rf3 Rc1+ 45. Kb5 Rc2 46. g4 f6 47.
Rf5 Rb2 48. f3 Ke7 49. Kc5 Ke6 50. b5 Ke7 51. b6 Ke6 52. Kc6 Ke7 53. b7 Kd8 54.
Rd5+ 1-0

[Event "Norway Chess Open GM 2024"]
[Site "Stavanger NOR"]
[Date "2024.05.30"]
[Round "9.12"]
[White "Stanojevic, Ilija"]
[Black "Dammann, Jorn"]
[Result "1/2-1/2"]
[WhiteTitle "CM"]
[WhiteElo "2317"]
[BlackElo "1953"]
[WhiteFideId "959995"]
[BlackFideId "30937124"]
[EventDate "2024.05.24"]

1. d4 d5 2. c4 e6 3. Nc3 Be7 4. Nf3 Nf6 5. Bf4 O-O 6. e3 c5 7. dxc5 Bxc5 8. Qc2
Nc6 9. a3 Qa5 10. Rd1 Ne4 11. Bd3 Bxa3 12. Ra1 Nb4 13. Qe2 Nxd3+ 14. Qxd3 Qb4
15. Rxa3 Qxb2 16. Nd1 Qb4+ 17. Rc3 Nxc3 18. Nxc3 Qxc4 19. Qxc4 dxc4 20. Ke2 f6
21. e4 e5 22. Be3 Bd7 23. Rb1 b6 24. Nd2 Rfc8 25. Rb4 1/2-1/2

[Event "Norway Chess Open GM 2024"]
[Site "Stavanger NOR"]
[Date "2024.05.30"]
[Round "9.13"]
[White "Eliseev, Sergey"]
[Black "Martin, Nils"]
[Result "0-1"]
[WhiteElo "2292"]
[BlackElo "2057"]
[WhiteFideId "1534734"]
[BlackFideId "45160473"]
[EventDate "2024.05.24"]

1. e4 e5 2. Nf3 Nc6 3. Bb5 a6 4. Ba4 Nf6 5. d3 b5 6. Bb3 Bc5 7. c3 d6 8. Bg5 h6
9. Bh4 O-O 10. O-O g5 11. Bg3 Bg4 12. Nbd2 Nh5 13. Re1 Rb8 14. Nf1 Qf6 15. Ne3
Bxe3 16. Rxe3 Na5 17. Bc2 c5 18. h3 Be6 19. Nxe5 Nxg3 20. Ng4 Bxg4 21. Qxg4 Nxe4
22. Qxe4 Rfe8 23. Qd5 Re5 24. Rxe5 Qxe5 25. Qxe5 dxe5 26. Kf1 f6 27. Ke2 Kf7 28.
Kd2 Ke6 29. a3 c4 30. Ra2 Rd8 31. Ke3 f5 32. f3 cxd3 33. Bxd3 Nb3 34. Bf1 Rd2
35. Be2 Rxe2+ 36. Kxe2 Nc1+ 37. Kd2 Nxa2 38. Kc2 e4 0-1

[Event "Norway Chess Open GM 2024"]
[Site "Stavanger NOR"]
[Date "2024.05.30"]
[Round "9.14"]
[White "Shehzad, Shazil"]
[Black "Myagmarsuren, Evsuld"]
[Result "1-0"]
[WhiteTitle "FM"]
[BlackTitle "CM"]
[WhiteElo "2314"]
[BlackElo "2016"]
[WhiteFideId "1521942"]
[BlackFideId "1551639"]
[EventDate "2024.05.24"]

1. Nf3 Nf6 2. e3 d5 3. c4 c6 4. d4 Bf5 5. Qb3 Qc7 6. Nc3 e6 7. Nh4 Be4 8. f3 Bg6
9. Bd2 Nbd7 10. Nxg6 hxg6 11. O-O-O a5 12. cxd5 exd5 13. Kb1 b5 14. e4 b4 15.
Na4 dxe4 16. Re1 Be7 17. fxe4 O-O 18. h4 Nb6 19. h5 Nxa4 20. hxg6 Nb6 21. e5
Nbd5 22. exf6 Nxf6 23. Bc4 Nd5 24. Rh8+ Kxh8 25. Qh3+ Kg8 26. Bxd5 Qg3 27. Bxf7+
Rxf7 28. gxf7+ Kf8 29. Qxg3 Bh4 30. Qxh4 Re8 31. fxe8=N b3 32. axb3 a4 33. bxa4
c5 34. dxc5 g5 35. Qxg5 Kf7 36. c6 Kf8 37. c7 Kf7 38. c8=N Kf8 39. a5 Kf7 40.
Re7+ Kf8 41. Qg8+ Kxg8 42. Ned6 Kf8 43. Nb5 Kg8 44. Nd4 Kf8 45. Nb3 Kg8 46. Na1
Kf8 47. a6 Kg8 48. a7 Kh8 49. a8=Q Kg8 50. Qf3 Kh8 51. Qh3+ Kg8 52. Qh8+ 1-0

[Event "Norway Chess Open GM 2024"]
[Site "Stavanger NOR"]
[Date "2024.05.30"]
[Round "9.15"]
[White "Bjerke, Richard"]
[Black "Riisem, Oyvind"]
[Result "0-1"]
[WhiteTitle "FM"]
[WhiteElo "2044"]
[BlackElo "2203"]
[WhiteFideId "1500252"]
[BlackFideId "1504673"]
[EventDate "2024.05.24"]

1. Nf3 g6 2. g3 Bg7 3. d4 d6 4. Bg2 Bd7 5. c3 Qc8 6. Qb3 Nc6 7. e4 e5 8. dxe5
dxe5 9. Nbd2 Be6 10. Qc2 Bh3 11. O-O Bxg2 12. Kxg2 Nf6 13. a4 Nh5 14. h3 O-O 15.
Qb3 Na5 16. Qd5 Nc6 17. Qb3 b6 18. Nc4 Qb7 19. a5 Rae8 20. Be3 Nd8 21. axb6 axb6
22. Ncd2 Kh8 23. Qa4 Ne6 24. Qa6 Qc6 25. Qc4 Qd7 26. Qd5 Qc8 27. Ra7 f5 28. exf5
gxf5 29. Nxe5 f4 30. Bd4 fxg3 31. fxg3 Nxd4 32. cxd4 Rxf1 33. Nxf1 Bxe5 34. dxe5
Qf5 35. Rxc7 Rf8 36. Rc1 Qf2+ 37. Kh1 Qe2 38. Qg2 Rf2 39. Rc8+ Kg7 40. Rc7+ Kh6
41. Qc6+ Nf6 42. Qc1+ Kg6 43. Qb1+ Ne4 44. Rc6+ Kg7 45. Rc7+ Kf8 46. Rc1 Qf3+ 0-1

[Event "Norway Chess Open GM 2024"]
[Site "Stavanger NOR"]
[Date "2024.05.30"]
[Round "9.16"]
[White "Uritsky, Yonathan"]
[Black "Saveljevs, Aleksandrs"]
[Result "1-0"]
[WhiteTitle "CM"]
[WhiteElo "2185"]
[BlackElo "1987"]
[WhiteFideId "2825651"]
[BlackFideId "11601779"]
[EventDate "2024.05.24"]

1. Nf3 c5 2. g3 g6 3. Bg2 Bg7 4. O-O Nc6 5. c4 e5 6. Nc3 d6 7. d3 Nge7 8. Rb1
O-O 9. a3 a5 10. Ne1 Be6 11. Nc2 d5 12. cxd5 Nxd5 13. Bd2 Rb8 14. Qc1 Nd4 15.
Nxd4 cxd4 16. Nxd5 Bxd5 17. Qc5 Bxg2 18. Kxg2 b6 19. Qb5 Qe8 20. Qb3 e4 21. Bf4
Be5 22. Bh6 Bg7 23. Bxg7 Kxg7 24. Qd5 Rd8 25. Qxe4 Qxe4+ 26. dxe4 d3 27. exd3
Rxd3 28. Rfc1 Re8 29. Rc4 b5 30. Rc5 Rxe4 31. Rxb5 Re2 32. b3 a4 33. bxa4 Rxa3
34. R1b4 Rea2 35. Ra5 f5 36. Ra7+ Kf6 37. Rxh7 Rxa4 38. Rb6+ Ke5 39. Re7+ Kd5
40. Rxg6 f4 41. g4 Rb4 42. Rf7 Raa4 43. Rf5+ Ke4 44. Rd6 Ra2 45. Rdd5 Rxf2+ 46.
Kxf2 Rb2+ 47. Ke1 Re2+ 48. Kxe2 f3+ 49. Rxf3 1-0

[Event "Norway Chess Open GM 2024"]
[Site "Stavanger NOR"]
[Date "2024.05.30"]
[Round "9.17"]
[White "Hestholm, Gustav"]
[Black "Grotnes, Nils Ragnar"]
[Result "0-1"]
[BlackTitle "FM"]
[WhiteElo "2041"]
[BlackElo "2149"]
[WhiteFideId "1529153"]
[BlackFideId "1500317"]
[EventDate "2024.05.24"]

1. e4 e5 2. Nf3 Nc6 3. Bb5 a6 4. Ba4 Nf6 5. O-O Be7 6. d3 b5 7. Bb3 d6 8. a3 O-O
9. Nc3 Na5 10. Ba2 c6 11. d4 Qc7 12. h3 h6 13. Be3 Be6 14. Nd2 Bxa2 15. Rxa2 c5
16. d5 Nd7 17. Qg4 Kh7 18. Ne2 Nf6 19. Qf3 g6 20. g4 Kg7 21. Qg3 Nc4 22. Nxc4
bxc4 23. Qf3 Nh7 24. Nc3 Qd7 25. Qe2 f5 26. f3 fxg4 27. hxg4 Bg5 28. Nd1 h5 29.
gxh5 gxh5 30. Rf2 Qh3 31. Rg2 Kh6 32. Qd2 Bf4 33. Bxf4+ Rxf4 34. Ne3 Ng5 35.
Nf5+ Qxf5 36. exf5 Nxf3+ 37. Kh1 Nxd2 38. Rxd2 Rf1+ 39. Kh2 Rf8 40. b4 cxb3 41.
cxb3 R8xf5 42. b4 c4 43. Rac2 R5f4 44. a4 Rb1 45. Rb2 c3 46. Rxb1 cxd2 47. b5
Rxa4 48. b6 Rb4 49. Rxb4 d1=Q 50. Rb2 Qd4 51. Rb1 Qd2+ 52. Kh1 Qxd5+ 53. Kg1 0-1

[Event "Norway Chess Open GM 2024"]
[Site "Stavanger NOR"]
[Date "2024.05.30"]
[Round "9.18"]
[White "Klings, Peter"]
[Black "Bezo, Stefan"]
[Result "1/2-1/2"]
[WhiteElo "1992"]
[BlackElo "2065"]
[WhiteFideId "4631234"]
[BlackFideId "14907682"]
[EventDate "2024.05.24"]

1. Nf3 d5 2. g3 Nf6 3. Bg2 c6 4. O-O Bg4 5. d4 e6 6. Nbd2 Bd6 7. Re1 h6 8. e4
dxe4 9. Nxe4 Nxe4 10. Rxe4 Bf5 11. Re1 O-O 12. Ne5 Nd7 13. Nc4 Bc7 14. c3 Re8
15. Qf3 Qf6 16. Bf4 e5 17. dxe5 Nxe5 18. Bxe5 Bxe5 19. g4 Bg6 20. Nxe5 Rxe5 21.
Qxf6 gxf6 22. f4 Rxe1+ 23. Rxe1 Bd3 24. Kf2 Kf8 25. Rd1 Ba6 26. b3 Ke7 27. Be4
Rc8 28. c4 b6 29. Kg3 c5 30. Bf5 Rc7 31. Kh4 Kf8 32. Rd8+ Kg7 33. Rd7 Rxd7 34.
Bxd7 Bb7 35. Bf5 Bc6 36. Kg3 Bb7 37. Kf2 h5 38. Kg3 Kh6 39. Kh4 hxg4 40. Kxg4
Bc6 41. Kh4 Bf3 42. Kg3 Bc6 43. Kg4 Bb7 44. Bd3 Bc8+ 45. f5 Bb7 46. Bc2 Bg2 47.
Bd3 Bc6 48. Bc2 Bg2 49. Bd3 1/2-1/2